Dynamic physical education for secondary school students / (Record no. 24810)
[ view plain ]
| 000 -LEADER | |
|---|---|
| fixed length control field | 00669nam a22002417a 4500 |
| 003 - CONTROL NUMBER IDENTIFIER | |
| control field | OSt |
| 005 - DATE AND TIME OF LATEST TRANSACTION | |
| control field | 20170518103453.0 |
| 008 - FIXED-LENGTH DATA ELEMENTS--GENERAL INFORMATION | |
| fixed length control field | 170315b xxu||||| |||| 00| 0 eng d |
| 020 ## - INTERNATIONAL STANDARD BOOK NUMBER | |
| International Standard Book Number | 0805378820 |
| 040 ## - CATALOGING SOURCE | |
| Original cataloging agency | MMU |
| Transcribing agency | MMU |
| Modifying agency | MMU |
| 043 ## - GEOGRAPHIC AREA CODE | |
| Geographic area code | n-us--- |
| -- | n-cn--- |
| 050 00 - LIBRARY OF CONGRESS CALL NUMBER | |
| Classification number | GV365.P36 2006 |
| 100 1# - MAIN ENTRY--PERSONAL NAME | |
| Personal name | Darst, Paul W. |
| 245 10 - TITLE STATEMENT | |
| Title | Dynamic physical education for secondary school students / |
| Statement of responsibility, etc. | Paul W. Darst |
| 250 ## - EDITION STATEMENT | |
| Edition statement | 5th ed. |
| 260 ## - PUBLICATION, DISTRIBUTION, ETC. (IMPRINT) | |
| Place of publication, distribution, etc. | San Francisco : |
| Name of publisher, distributor, etc. | Pearson/Benjamin Cummings, |
| Date of publication, distribution, etc. | c2006. |
| 300 ## - PHYSICAL DESCRIPTION | |
| Extent | xiv, 529 p. : |
| Other physical details | ill. ; |
| 500 ## - GENERAL NOTE | |
| General note | Includes index. |
| 650 #0 - SUBJECT ADDED ENTRY--TOPICAL TERM | |
| Topical term or geographic name as entry element | Physical |
| 650 #0 - SUBJECT ADDED ENTRY--TOPICAL TERM | |
| Geographic subdivision | . |
| 700 1# - ADDED ENTRY--PERSONAL NAME | |
| Personal name | Robert P.Pangrazi, |
| 942 ## - ADDED ENTRY ELEMENTS (KOHA) | |
| Source of classification or shelving scheme | Library of Congress Classification |
| Koha item type | L |
| Withdrawn status | Lost status | Source of classification or shelving scheme | Damaged status | Not for loan | Home library | Current library | Date acquired | Source of acquisition | Total Checkouts | Full call number | Barcode | Date last seen | Price effective from | Koha item type |
|---|---|---|---|---|---|---|---|---|---|---|---|---|---|---|
| Library of Congress Classification | Maasai Mara University Library -Main Campus | Maasai Mara University Library -Main Campus | 03/15/2017 | Donation -T4C | GV365.P36 2006 | 17027813 | 03/15/2017 | 03/15/2017 | L |